Interpreten nach Lieder #20 - T - Statistiken

Allgemein
  • Dieses Quiz wurde 99 mal gespielt
  • Das Durchschnittsergebnis liegt bei 11 aus 30
Antwortstatistiken
Lieder Interpret % Korrekt
Durch den Monsun, Automatic, Schrei Tokio Hotel
88%
Africa, Hold the Line, Rosanna TOTO
82%
Anti-Hero, Cruel Summer, gold rush Taylor Swift
75%
Zehn kleine Jägermeister, Hier kommt Alex, Laune der Natur Die Toten Hosen
74%
Dance Monkey, Fly Away, Dance With Me Tones And I
71%
Hoch, Keine Maschine, Wenn Worte meine Sprache wären Tim Bendzko
67%
Ride, Stressed Out, Polarize Twenty One Pilots
66%
Higher, Hangover, Dynamite Taio Cruz
58%
Beinhart, Presslufthammer, Freie Bahn mit Marzipan! Torfrock
46%
Bleib in der Schule, Falsche Band, Schlechte Angewohnheit Trailerpark
40%
The Flood, These Days, Back for Good Take That
36%
So ein schöner Tag (Fliegerlied), Leuchtturm, Inselverbot Tim Toupet
36%
goosebumps, BUTTERFLY EFFECT, Type Shit Travis Scott
35%
Shout, Everybody Wants To Rule The World, Head Over Heels Tears For Fears
29%
No No Never, I Promise, Like A Virgin Texas Lightning
29%
The Kill, Attack, Closer To The Edge Thirty Seconds To Mars
26%
Keine Macht für niemand, Der Traum ist aus, Rauch-Haus Song Ton Steine Scherben
22%
HEAT, Talking Body, Habits Tove Lo
22%
We're Not Gonna Take It, I Wanna Rock, The Kids Are Back Twisted Sister
22%
Tribute, The Metal, Kickapoo Tenacious D
21%
Ich möcht' so gern Dave Dudley hören, Osnabrück Hin und Zurück, Die Frau mit dem Gurt Truck Stop
21%
Just You and I, Leave a Light On, Now You're Gone Tom Walker
18%
The Boys Are Back In Town, Cowboy Song, Whiskey In The Jar Thin Lizzy
16%
Road to Nowhere, Psycho Killer, Once in a Lifetime Talking Heads
15%
Freaks, Like A G6, My Home Timmy Trumpet
15%
American Girl, Learning To Fly, Breakdown Tom Petty and the Heartbreakers
14%
Schmetterling, Erfurt, Vorratskammer Team Scheisse
8%
Hallo, guten Morgen Deutschland, Geistertruck, Radwechsel Tom Astor
8%
BLACKOUT, HOLIDAY, MYSTERY Turnstile
4%
Keepers of the Faith, Return to Strength, Hard Lessons Terror
2%
Keine übereinstimmenden Quizze gefunden
Verteilung der Resultate
Anzahl Personen mit jedem Resultat
Perzentil nach korrekt beantworteten Fragen
Ihre Resultats-Entwicklung
Sie haben dieses Quiz noch nicht gespielt